| 000 | 01070nam a22002897a 4500 | ||
|---|---|---|---|
| 001 | 7820 | ||
| 003 | FISKH | ||
| 005 | 20250811124938.0 | ||
| 008 | 250811b cb ||||| |||| 00| 0 eng d | ||
| 040 |
_aFISKH _beng _cFISKH _dFISKH |
||
| 050 | _aPZ7 | ||
| 082 | _a823.914 | ||
| 100 | _aCastor, Harriet | ||
| 245 |
_aThe dinosaurs next door / _cHarriet Castor ; Adapted by Lesley Sims ; Illustrated by Teri Gower |
||
| 250 | _aThis edition first published in 2007 | ||
| 260 |
_aLondon : _bUsborne, _c1994 |
||
| 300 |
_a48 pages : _bcolor illustrations ; _c20 cm |
||
| 505 | _aL | ||
| 520 | _aThe eccentric Mr. Puff lives next door to Sam in a house full of interesting things. Best of all is the basket of giant dinosaur eggs - until they begin to hatch. The trouble with dinosaurs is that they grow ... and grow. Something needs to be done, and fast! | ||
| 521 |
_a520
_bLexile |
||
| 521 |
_aL
_bRaz-Plus |
||
| 650 |
_2Usborne _aDinosaurs |
||
| 650 |
_2Juvenile _aReaders |
||
| 700 |
_aTeri, Gower _dillustrator |
||
| 942 |
_2ddc _cBK _n0 |
||
| 999 |
_c7820 _d7820 |
||